Formula 1 champions with different constructors - Statistics

General Stats
  • This quiz has been taken 215 times
  • The average score is 9 of 10
Answer Stats
Constructors Driver % Correct
McLaren, Mercedes Lewis Hamilton
100%
Benetton, Ferrari Michael Schumacher
97%
McLaren, Williams Alain Prost
95%
Alfa Romeo, Maserati, Mercedes, Ferrari Juan Manuel Fangio
94%
Ferrari, McLaren Niki Lauda
88%
Cooper, Brabham Jack Brabham
87%
Matra, Tyrrell Jackie Stewart
87%
BRM, Lotus Graham Hill
83%
Brabham, Williams Nelson Piquet
83%
Lotus, McLaren Emerson Fittipaldi
80%
No matching quizzes found
Score Distribution
Percent of People with Each Score
Percentile by Number Answered
Your Score History
You have not taken this quiz